000
00313nam a2200121Ia 4500
008
191201s2019 xx 000 0 und d
100
_a
RAJE, VN
245
0
_a
Pharmaceutical Chemistry II fro 2nd year
260
_b
CBS Pub
_a
New delhi
_c
2019
300
_a
251
650
_a
Medicinal Chemistry
942
_2
ddc
_c
BK
_0
58
999
_c
8204
_d
8204